| 000 | 00789nam a22002777a 4500 | ||
|---|---|---|---|
| 003 | BD-DhJNU | ||
| 005 | 20251210053249.0 | ||
| 008 | 251210b |||||||| |||| 00| 0 eng d | ||
| 020 | _a1292040297 | ||
| 020 | _a9781292040295 | ||
| 040 |
_aBD-DhJNU _bENG _cBD-DhJNU _dBD-DhJNU |
||
| 082 |
_223 _a150.15195 ARS |
||
| 100 | _aAron, Arthur | ||
| 245 |
_aStatistics for psychology / _cArthur Aron, Elliot J. Coups and Elaine N. Aron |
||
| 250 | _a6th ed. | ||
| 260 |
_aUnited States of America : _bPearson, _c2014. |
||
| 300 |
_a724, (xxiv) p. : _bill. ; _c29 cm. |
||
| 504 | _aIncludes index | ||
| 650 | _aPsychology | ||
| 650 | _aStatistics | ||
| 650 | _aCorrelation | ||
| 650 | _a Prediction | ||
| 700 | _aCoups, Elliot J. | ||
| 700 | _aAron, Elaine | ||
| 942 |
_2ddc _cBK _n0 |
||
| 999 |
_c2408 _d2408 |
||